| 000 | 00725nam a22001937a 4500 | ||
|---|---|---|---|
| 999 |
_c13401 _d13401 |
||
| 008 | 190309b ||||| |||| 00| 0 eng d | ||
| 020 | _a9781118652145 | ||
| 082 |
_22013 _aAV-DVD 150.15195 _bC66 |
||
| 100 |
_aCohen, Barry H. _937467 |
||
| 245 |
_aExplaining Psychological Statistics / _cBarry H. Cohen |
||
| 250 | _aFourth Edition | ||
| 260 |
_aNew Jersey: _bJohn Wiley & Sons, Incorporated, _c©2013. |
||
| 300 | _a850 pages; | ||
| 500 | _aIncludes index. | ||
| 650 |
_aMathematical statistics -- Data processing. _937468 |
||
| 650 |
_aPsychology -- Statistical methods -- Computer programs. _937469 |
||
| 856 | _yhttps://ebookcentral.proquest.com/lib/uniofmindanao-ebooks/detail.action?docID=1563061 | ||
| 942 |
_2ddc _cEB |
||